000009365 001__ 9365 000009365 005__ 20260410134645.0 000009365 0247_ $$2DOI$$a10.6083/fn106z81w 000009365 037__ $$aDA 000009365 245__ $$aExterior of OHSU Child Development and Rehabilitation Center in Bend 000009365 260__ $$bOregon Health & Science University 000009365 269__ $$a2018 000009365 336__ $$aStill image 000009365 542__ $$fIn copyright - single owner 000009365 650__ $$aBuildings$$041554 000009365 650__ $$aExterior 000009365 7001_ $$aLiedtke, Fritz 000009365 8564_ $$977096a47-bf6f-4761-978b-e134d589450c$$s1726751$$uhttps://digitalcollections.ohsu.edu/record/9365/files/FritzLiedtke-2018-OHSU-Buildings-062_Child_Development_and.jpg$$ePublic$$29195a5123450bbea116dfd8442e3a5db$$31 000009365 901__ $$a<p>These documents are archival records. They are retained for historical reference only. </p><p><b>Need an accessible version? Use the ‘Get Accessible Copy’ link above.</b></p> 000009365 905__ $$a/rest/prod/fn/10/6z/81/fn106z81w 000009365 956__ $$aGet Accessible Copy$$uhttps://ohsu.libwizard.com/f/requestaccessibledocument 000009365 980__ $$aStrategic Communications Images